VALORANT - "Social" Voicelines Quiz - Statistics

General Stats
  • This quiz has been taken 166 times
  • The average score is 24 of 62
Answer Stats
Type
Voiceline Agent(s) % Correct
Yes Affirmative. Kayo
79%
Thanks Merci. Chamber
71%
Yes Ja. Breach / Killjoy
69%
Thanks Cheers, mate! Skye
69%
Thanks Teşekkürler, thank you! Fade
66%
Yes Да. Sova
64%
Yes Righty o' Skye
63%
Thanks Salamat, thanks! Neon
61%
Thanks Tack tack! Breach
59%
Yes Yes. Brimstone / Chamber / Fade / Jett / Omen / Raze / Reyna / Sage / Viper
54%
Thanks Medaase, thanks! Astra
53%
No No. Breach / Brimstone / Chamber / Cypher / Fade / Jett / Killjoy / Neon / Omen / Raze / Reyna / Sage / Skye / Sova / Viper / Yoru
52%
Thanks Thanks! Brimstone / Jett / Killjoy / Raze / Sova / Yoru
50%
No Negative. Kayo
50%
Thanks Cheers! Phoenix
49%
Commend Good on ya. Skye
49%
Hello Bonjour. Chamber
47%
Commend Bravo! Chamber
46%
Thanks Thank you! Kayo / Omen / Reyna / Sage / Viper
46%
Commend Wonderful. Sage
45%
Commend Hell of a job. Breach
43%
Hello Hello. Brimstone / Kayo / Raze / Sage / Sova
41%
Thanks My thanks! Cypher
41%
Commend Nice. / Yo! Nice. / Niiiiiccee. Phoenix
41%
No Nah. Phoenix
41%
Hello G'day. Skye
41%
Commend Impressive. Reyna
39%
Hello Selam. Fade
38%
Hello Wassup. Phoenix
38%
Hello Hola. Reyna
38%
Hello Hey! Breach / Jett / Yoru
37%
Commend Good work. Brimstone / Jett
37%
Hello Hallo. Killjoy
37%
Hello Greetings. Cypher / Omen
36%
Yes Yep. Neon
36%
Sorry Sorry, mate. Phoenix
36%
Hello Agoo! Astra
35%
Commend Hey, nice work. Raze
35%
Commend I'm... impressed. Viper
35%
Yes Yeah. Phoenix / Yoru
34%
Yes Alright. Cypher
33%
Commend Nice, nice! / Ɛyɛ, good! / Ayo, good! Astra
30%
No Nah, nah. Astra
30%
Sorry Sorry. Astra / Breach / Brimstone / Cypher / Jett / Kayo / Neon / Omen / Sova
30%
Commend You did well. Killjoy
30%
Commend Not bad! Fade / Yoru
29%
Sorry I'm sorry. Sage
27%
Yes Got that. Astra
25%
Commend Well done. Cypher / Omen
25%
Hello What's up. Neon
25%
Hello Hi. Viper
25%
Sorry My apologies. Chamber
24%
Commend Solid work! Kayo
24%
Sorry Sorry about that. Skye
24%
Sorry Forgive me. Reyna
23%
Sorry Oh, uh, sorry! Killjoy
20%
Commend Nice job! Neon
20%
Commend Good. Sova
19%
Sorry Pardon. Fade
17%
Sorry My bad. Raze
17%
Sorry Won't happen again. Yoru
16%
Sorry Apologies. Viper
13%
No matching quizzes found
Score Distribution
Percent of People with Each Score
Percentile by Number Answered
Your Score History
You have not taken this quiz